000 00431nam a2200205Ia 4500
001 14436
003 GE_BSU
008 181216s||||||||xx |||||||||||||| ||und||
020 _a9781847562784
040 _cGE_BSU
080 _a821.111-3
100 _aAshley,Trisha
245 _aWish Upon A Star
260 _aLondon
260 _bAvon
260 _c2013
300 _a468p.20cm.
653 _aWish Upon A Star
942 _cBK
999 _c47572
_d47572